000 00255 a2200097 4500
001 13337
100 _aKermode,A.C
245 _aMechanics of flights, 10th Ed
260 _aIndia
_bR H Barnard & D R Philpott/ Pearson Edu Press
_c2006
090 _c10354
_d10354
942 _aNUST-CAE
_cM
_c397
999 _c248410
_d248410